| 000 | 00383cas a2200145 a 4500 | ||
|---|---|---|---|
| 022 | 0 | _a1080-4153 | |
| 040 | _cAzPhMC | ||
| 082 | 0 | 0 | _a954 DUS 1993 A113 Or. |
| 245 | 0 | 0 | _aGlobal studies. |
| 246 | 3 | 0 | _aIndia and South Asia |
| 260 |
_aGuilford, Conn. : _bDushkin Pub. Group, _cc1993- |
||
| 300 |
_av. : _bill., maps ; _c28 cm. |
||
| 490 | 1 | _aAn annual editions publication | |
| 942 | _cEK | ||
| 999 |
_c16748 _d16748 |
||